000 00371cam a22001097a 4500
008 180718b1968 xxu||||| |||| 00| 0 eng d
082 _aR706x71 C16/ST/1
100 _aSamlalSingh, Ruby S
245 _aTask force on labour relations, study no. 1 Broadcasting--an industry study
_cby Ruby S. SamlalSingh
260 _aOttawa
_bPrivy Council Office
_c1968
300 _avii, 130p
999 _c496390
_d496390